<?xml version="1.0" encoding="UTF-8"?>
<record
    xmlns:xsi="http://www.w3.org/2001/XMLSchema-instance"
    xsi:schemaLocation="http://www.loc.gov/MARC21/slim http://www.loc.gov/standards/marcxml/schema/MARC21slim.xsd"
    xmlns="http://www.loc.gov/MARC21/slim">

  <leader>01051nam a22002537a 4500</leader>
  <controlfield tag="003">LK-CoMWRAF</controlfield>
  <controlfield tag="005">20240219124121.0</controlfield>
  <controlfield tag="008">240114b2008    |||||||| |||| 00| 0 eng d</controlfield>
  <datafield tag="020" ind1=" " ind2=" ">
    <subfield code="a">9789551848200</subfield>
  </datafield>
  <datafield tag="040" ind1=" " ind2=" ">
    <subfield code="a">LK-CoMWRAF</subfield>
    <subfield code="d">LK-CoMWRAF</subfield>
    <subfield code="e">LK-CoMWRAF</subfield>
  </datafield>
  <datafield tag="041" ind1=" " ind2=" ">
    <subfield code="a">tam</subfield>
  </datafield>
  <datafield tag="082" ind1=" " ind2=" ">
    <subfield code="a">894.8113</subfield>
    <subfield code="b">KAL</subfield>
  </datafield>
  <datafield tag="245" ind1=" " ind2=" ">
    <subfield code="a">&#xB95;&#xBB2;&#xB99;&#xBCD;&#xB95;&#xBB0;&#xBC8; &#xBB5;&#xBBF;&#xBB3;&#xB95;&#xBCD;&#xB95;  &#xB85;&#xB9F;&#xBBF;&#xBB5;&#xBBE;&#xBB0;&#xBAE;&#xBC1;&#xBAE;&#xBCD; &#xB8F;&#xBA9;&#xBC8;&#xBAF; &#xB95;&#xBA4;&#xBC8;&#xB95;&#xBB3;&#xBC1;&#xBAE;&#xBCD;</subfield>
  </datafield>
  <datafield tag="246" ind1=" " ind2=" ">
    <subfield code="a">Kalankarai vilalkka adiwaramum enaiyya kathaikalum</subfield>
  </datafield>
  <datafield tag="260" ind1=" " ind2=" ">
    <subfield code="a">Anamaduwa:</subfield>
    <subfield code="b">Thothenna,</subfield>
    <subfield code="c">2008</subfield>
  </datafield>
  <datafield tag="300" ind1=" " ind2=" ">
    <subfield code="a">264 p.</subfield>
  </datafield>
  <datafield tag="490" ind1=" " ind2=" ">
    <subfield code="a">&#xB9A;&#xBBF;&#xB99;&#xBCD;&#xB95;&#xBB3;&#xB9A;&#xBCD; &#xB9A;&#xBBF;&#xBB1;&#xBC1;&#xB95;&#xBA4;&#xBC8;&#xBA4;&#xBCD; &#xBA4;&#xBCA;&#xB95;&#xBC1;&#xBAA;&#xBCD;&#xBAA;&#xBC1;</subfield>
    <subfield code="v">1</subfield>
  </datafield>
  <datafield tag="650" ind1=" " ind2=" ">
    <subfield code="a">TAMIL SHORT STORIES</subfield>
  </datafield>
  <datafield tag="650" ind1=" " ind2=" ">
    <subfield code="a">Sinhala short stories-Tamil translations</subfield>
  </datafield>
  <datafield tag="700" ind1=" " ind2=" ">
    <subfield code="a">&#xBAF;&#xBBE;&#xB95;&#xBCD;&#xB95;&#xBC2;&#xBA4;&#xBCD;, &#xB8E;&#xBAE;&#xBCD;.&#xB8E;&#xB9A;&#xBCD;.&#xB8E;&#xBAE;&#xBCD;.</subfield>
    <subfield code="y">Yakooth, M.H.M.</subfield>
    <subfield code="e">trans.</subfield>
  </datafield>
  <datafield tag="700" ind1=" " ind2=" ">
    <subfield code="a">&#xB95;&#xBAE;&#xBBE;&#xBB2;&#xBCD;   &#xBA4;&#xBBF;&#xB95;&#xBCD;&#xB95;&#xBC1;&#xBB5;&#xBBE;&#xBB2;&#xBCD;&#xBB2;&#xBC8;</subfield>
    <subfield code="y">Kamal, Dickwelle</subfield>
    <subfield code="e">trans.</subfield>
  </datafield>
  <datafield tag="700" ind1=" " ind2=" ">
    <subfield code="a">&#xB95;&#xBB0;&#xBBE;&#xBAE;&#xBA4;&#xBCD;, &#xB8E;&#xBB8;&#xBCD;.&#xB8F;.&#xB9A;&#xBBF;.&#xB8E;&#xBAE;&#xBCD;.</subfield>
    <subfield code="y">Karamath, S.A.C.M.</subfield>
    <subfield code="e">trans.</subfield>
  </datafield>
  <datafield tag="942" ind1=" " ind2=" ">
    <subfield code="c">BK</subfield>
  </datafield>
  <datafield tag="952" ind1=" " ind2=" ">
    <subfield code="0">0</subfield>
    <subfield code="1">0</subfield>
    <subfield code="4">0</subfield>
    <subfield code="7">0</subfield>
    <subfield code="a">MAIN</subfield>
    <subfield code="b">MAIN</subfield>
    <subfield code="d">2024-01-14</subfield>
    <subfield code="l">0</subfield>
    <subfield code="o">894.8113 KAL</subfield>
    <subfield code="p">RAF4732</subfield>
    <subfield code="r">2024-01-14</subfield>
    <subfield code="w">2024-01-14</subfield>
    <subfield code="y">BK</subfield>
  </datafield>
  <datafield tag="999" ind1=" " ind2=" ">
    <subfield code="c">4619</subfield>
    <subfield code="d">4619</subfield>
  </datafield>
</record>
